000 00335nam a2200145 i 4500
001 bg
100 1 _aVALLENTINE, H. R.
245 0 _aApplied hydrodynamies /
_cH.R. Vallentine.
250 _aSecond edition.
260 _aLondon,
_c1967.
040 _cBPK
041 _apol
942 _cKS
008 s pl f |000 0 pol
999 _c9107
_d9107
856 _uhttp://koha.tu.koszalin.pl/cgi-bin/koha/opac-detail.pl?biblionumber=9107
_yKatalog online BPK